000 00627 a2200217 4500
001 63224
005 20260407155928.0
008 260407a1960 arg spa d
003 AR-UNSa-BCEJYS
040 _aAR-UNSa-BCEJYS
_bspa
_cAR-UNSa-BCEJYS
080 _a519.662
_xTablas de logaritmos. Tablas de funciones elementales
245 1 0 _aNuevas tablas de logaritmos
_pCon cinco decimales
264 1 _aBarcelona :
_bReverté
_c1960
300 _a188 p.
_c22 cm.
041 _aspa
942 _cBK
590 _aniveau_biblio:m niveau_hierar:0
100 1 _aBouvart, C.
700 1 _aRatinet, A.
700 1 _aSala, Amado Juan
999 _c8058
_d8058